|
|
|
|
| LEADER |
00000nas a2200000 a 4500 |
| 005 |
20111111145924.0 |
| 007 |
cr ||||||||||| |
| 008 |
100721c2010 spc|| pss|||||0|| a2cat|c |
| 022 |
|
|
|a 2014-038X
|l 2014-038X
|
| 035 |
|
|
|a 6022
|
| 040 |
|
|
|c vLex
|
| 090 |
|
|
|c 2768
|d 2768
|
| 222 |
|
0 |
|a Revista catalana de dret ambiental
|
| 245 |
0 |
0 |
|a Revista Catalana de Dret Ambiental
|h [Recurs electrṇic] /
|c CEDAT
|
| 246 |
0 |
|
|a RCDA
|
| 256 |
|
|
|a Servicio en ln̕ea
|
| 260 |
|
|
|a Tarragona :
|b Centre d'Estudis de Dret Ambiental de Tarragona Alcalde Pere Lloret,
|b Departament de Medi Ambient i Habitatge de la Generalitat de Catalunya
|c 2010
|
| 300 |
|
|
|a 1 recurso electrn̤ico
|
| 310 |
|
|
|a Semestral
|
| 500 |
|
|
|a Descripci ̤feta a partir de: Vol. I, no. 1, el 21 de juliol 2010
|
| 506 |
1 |
|
|a Contenido solo disponible en los productos indicados
|d vLex Global
|d vLex Global (Academic Edition, excluding Law Schools)
|d vLex Global (U.S. Academic Edition, Law Schools)
|d vLex Global (U.S. Academic Edition, excluding Law Schools)
|d vLex Global (Academic Edition, Law Schools)
|
| 650 |
0 |
4 |
|a Derecho ambiental
|x Revistas
|
| 650 |
0 |
4 |
|a Derecho ambiental
|z Cataluą
|x Revistas
|
| 710 |
2 |
|
|a Universitat Rovira i Virgili
|
| 710 |
2 |
|
|a Centre d'Estudis de Dret Ambiental de Tarragona
|
| 710 |
2 |
|
|a Catalunya.
|b Departament de Medi Ambient i Habitatge
|
| 740 |
0 |
|
|a vLex Libros (Servicio en ln̕ea)
|
| 856 |
4 |
0 |
|z Acceso restringido
|u http://vlex.com/source/revista-catalana-dret-ambiental-rcda-6022
|
| 942 |
|
|
|c REV
|